00747nam a2200217Ia 4500003000900000008004100009020001800050040001600068080002200084100002400106245008300130260005300213300002300266650004100289650002500330650003400355700002000389942000700409999001500416952009800431IN-BaIIA211028s9999 xx 000 0 eng d a0-909203-75-X cIIA Library a082.2:52bIAU-C50 aTango, W. J.910985 0aHigh angular resolution stellar interferometrycWilliam J ango and John Davis aAustraliabChatterton Astronomy Departmentc1979 a[various pagings.] aAstronomy and astrophysics thesaurus aInterferometry93249 aStellar interferometry910986 aDavis, J910987 cBK c6404d6404 00104070aBANbBANcGENd1979-11-19l0o082.2:52/ IAU-C50p7130r2021-11-05w1979-11-19yBK